UM Logo

Human resource management in small business. (Record no. 5755)

MARC details
000 -LEADER
fixed length control field 00559nam a22001697a 4500
008 - FIXED-LENGTH DATA ELEMENTS--GENERAL INFORMATION
fixed length control field 161117b xxu||||| |||| 00| 0 eng d
020 ## - INTERNATIONAL STANDARD BOOK NUMBER
International Standard Book Number 978-93-5115-410-5
082 ## - DEWEY DECIMAL CLASSIFICATION NUMBER
Edition number 2015
Classification number DC 658.022
Item number H88
245 ## - TITLE STATEMENT
Title Human resource management in small business.
260 ## - PUBLICATION, DISTRIBUTION, ETC. (IMPRINT)
Place of publication, distribution, etc. UAE:
Name of publisher, distributor, etc. 3G ELearning FZ LLC,
Date of publication, distribution, etc. c2015.
300 ## - PHYSICAL DESCRIPTION
Extent v, 272 pages:
Other physical details illustrations;
Dimensions 23 cm.
650 #0 - SUBJECT ADDED ENTRY--TOPICAL TERM
9 (RLIN) 17594
Topical term or geographic name as entry element Small business
General subdivision Management
650 #0 - SUBJECT ADDED ENTRY--TOPICAL TERM
9 (RLIN) 17596
Topical term or geographic name as entry element Personnel management
650 #0 - SUBJECT ADDED ENTRY--TOPICAL TERM
9 (RLIN) 17595
Topical term or geographic name as entry element Small business enterprise
General subdivision Management
710 ## - ADDED ENTRY--CORPORATE NAME
9 (RLIN) 17597
Corporate name or jurisdiction name as entry element 3G ELearning
942 ## - ADDED ENTRY ELEMENTS (KOHA)
Source of classification or shelving scheme Dewey Decimal Classification
Koha item type Circulation
Holdings
Withdrawn status Lost status Source of classification or shelving scheme Damaged status Not for loan Collection code Home library Current library Date acquired Source of acquisition Total Checkouts Full call number Barcode Date last seen Copy number Price effective from Koha item type Cost, replacement price
    Dewey Decimal Classification     Circulation UM Digos College - LIC UM Digos College - LIC 10/27/2016 Purchased   DC 658.022 H880 2015 24575 05/15/2025 1 11/17/2016 Circulation  
    Dewey Decimal Classification     Circulation UM Digos College - LIC UM Digos College - LIC 08/16/2018 Purchased   DC 658.022 H880 2015 25077 05/15/2025 2 08/30/2018 Circulation 3295.00